000 00297nam a22001337a 4500
008 210310b ||||| |||| 00| 0 eng d
041 _aeng
080 _a338
082 _a338
100 _a53
101 _aMEN
245 _aManagement in America Crisis in Ethics
_cSikula,A
942 _2udc
_cBK
999 _c56257
_d56257